000
00313pam a2200121a 44500
008
230405s1900 xxu||||| |||| 00| 0 eng d
041
_a
ENG
100
_a
कीर,गिरिजा
245
_a
दार उघड बया, दार उघड
260
_a
_b
_c
1900
440
_a
Source =
906
_a
4640
999
_c
784864
_d
784864